000 00518nam a2200181Ia 4500
999 _c29293
_d29293
003 OSt
005 20201124114534.0
008 190216s9999||||xx |||||||||||||| ||und||
020 _a9788184231069
040 _coclc
082 _a894.8123
_bPOY/A
100 _aPoythumkadavu, Shihabuddin
_96426
245 0 _aAalivaidyan /
_cShihabuddin Poythumkadavu
260 _bGreen Books,
_aThrissur:
_c2008.
300 _a159p
650 _aNovel
942 _cBK
_2ddc
_h894.8123
_iPOY/A
_k894.8123
_mPOY/A